Religion Quiz

Random Religion or Book Quiz

Bible Book Giant Word Ladder Quiz Stats

 Plays Quiz Updated Jan 9, 2019

Support Sporcle.
Go Orange.
Score 0/56 Timer 08:00
2 Plays Today
Clue 4-Letter Word % Correct
Dime or nickel, e.g.COIN
91%
✝ New Testament Book ✝ MARK
89.3%
✝ New Testament Book ✝ JOHN
89.3%
✝ New Testament Book ✝ LUKE
88.2%
Flying aloneSOLO
87.2%
Unable to speak or make soundMUTE
87%
Bring together as oneJOIN
87%
___ and craftsARTS
86.8%
Female horseMARE
86.4%
Rough tree trunk coveringBARK
86.1%
Life partnerMATE
84.8%
Lacking mannersRUDE
84.4%
A tall farm storage buildingSILO
83.5%
What a spider web is made ofSILK
83.3%
Two presidents named GeorgeBUSH
83%
✝ New Testament Book ✝ ACTS
82.7%
Form wire into a springCOIL
82.5%
Old-style stringed instrumentLUTE
81.6%
Cards below deucesACES
81.1%
Traveled on an animalRODE
80.1%
✝ New Testament Book ✝ JUDE
77.3%
Greek god of warARES
76%
This ran away with the spoonDISH
75.7%
A festive party; forceful blowBASH
75%
✡ Old Testament Book ✡ RUTH
74.2%
Short, fast raceDASH
74%
Fastens in a knotTIES
73.3%
Love, in LatinAMOR
72.8%
Clue 4-Letter Word % Correct
Fake out in footballJUKE
72.3%
Illegal motion of a pitcherBALK
69.9%
✡ Old Testament Book ✡ AMOS
69.3%
Insult or criticize, slangilyDISS
69.1%
Area in London's West EndSOHO
67.5%
Cheat out of valuable thingBILK
67%
Very, to a ParisianTRÈS
66.9%
Geddy Lee, Alex Lifeson, & Neil PeartRUSH
65.3%
Excessively dryARID
64%
Home to Iowa StateAMES
62.5%
Latin Catholic hymn, '___ Irae'DIES
61.7%
Loose hanging cheek or jaw fleshJOWL
57.3%
Mechanical repetitionROTE
56.3%
A monk's hooded cloakCOWL
56%
Surrounded byAMID
55.1%
An Islamic rulerAMIR
53.8%
✡ Old Testament Book ✡ JOEL
53.4%
'Goodbye, Columbus' novelist PhilipROTH
51.3%
R&B singer india.___ARIE
44.6%
To be, in FrenchÊTRE
39.2%
Joseph McCarthy's attorney RoyCOHN
35.9%
✡ Old Testament Book ✡ EZRA
35.5%
Type of salmonCOHO
35.3%
Feminine suffixETTE
33.3%
Long-winged sea eagleERNE
22.9%
Composer of 'Rule, Britannia!'ARNE
21.9%
Franco-Russian Art Deco artistERTÉ
20.5%
Italian poetic word for heaven or skyETRA
19.6%

You're not logged in!

Compare scores with friends on all Sporcle quizzes.
OR
Log In

From the Vault

First Word Comedy Titles

by mvheald

These movies are funny from word #1.
Remove Ads.
Support Sporcle.
Get the best of Sporcle when you Go Orange. This ad-free experience offers more features, more stats, and more fun while also helping to support Sporcle. Thank you for becoming a member.

Show Comments

Extras

Top Quizzes Today


Score Distribution

Your Account Isn't Verified!

In order to create a playlist on Sporcle, you need to verify the email address you used during registration. Go to your Sporcle Settings to finish the process.

Report this User

Report this user for behavior that violates our Community Guidelines.

Details: